| 000 | 01389pam a2200325 a 4500 | ||
|---|---|---|---|
| 999 |
_c18557 _d18557 |
||
| 001 | 517651 | ||
| 005 | 20170113083619.0 | ||
| 008 | 861126s1987 caua cb 000 0 eng | ||
| 010 | _a 86027738 | ||
| 020 | _a0875871356 (pbk.) | ||
| 050 | 0 | 0 | _aNK4150.6 .P73 1987 |
| 100 | 1 | _aPratapaditya, Pal. | |
| 245 | 1 | 0 |
_aIcons of piety, images of whimsy : _bAsian terra-cottas from the Walter-Grounds Collection / _cPratapaditya Pal. |
| 260 |
_aLos Angeles, Calif. : _bLos Angeles County Museum of Art, _cc1987. |
||
| 300 |
_a124 p. : _bill. (some col.) ; _c30 cm. |
||
| 500 | _aCatalog of an exhibition held by the Los Angeles County Museum of Art and circulated by the American Federation of the Arts. | ||
| 504 | _aBibliography: p. 121-123. | ||
| 600 | 1 | 0 |
_aGrounds, Marilyn Walter _xArt collections _xExhibitions. |
| 600 | 1 | 0 |
_aWalter, Paul F. _xArt collections _xExhibitions. |
| 650 | 0 |
_aTerra-cotta figurines _zSouth Asia _xExhibitions. |
|
| 650 | 0 |
_aTerra-cotta figurines _xPrivate collections _zUnited States _xExhibitions. |
|
| 710 | 2 | _aLos Angeles County Museum of Art. | |
| 710 | 2 | _aAmerican Federation of Arts. | |
| 942 |
_2lcc _cBOOKS _hNK4150.6 .P73 1987 |
||